|
|
|
|
| LEADER |
00000nas a2200000 i 4500 |
| 001 |
ssj0006393 |
| 003 |
WaSeSS |
| 005 |
20200512172242.0 |
| 006 |
m d |
| 007 |
cr n |
| 008 |
041213d19952014gaubx pss 0 a0eng c |
| 010 |
|
|
|a 2007212542
|
| 016 |
7 |
|
|a 016010732
|2 Uk
|
| 016 |
7 |
|
|a 2170099-0
|2 DE-600
|
| 022 |
|
|
|a 1938-5587
|l 1078-9669
|y 1078-9669
|
| 035 |
|
|
|a (WaSeSS)ssj0006393
|
| 037 |
|
|
|b American Society of Heating, Refrigerating and Air-Conditioning Engineers, Inc., 1791 Tullie Cir, NE, Atlanta, GA 30329 United States
|
| 040 |
|
|
|a WYU
|b eng
|e pn
|c WYU
|d OCLCQ
|d OCLCS
|d NSD
|d LGG
|d UKMGB
|d OCLCQ
|d DLC
|d OCLCO
|d UKBOL
|d OCLCF
|d OCLCO
|d TXA
|d OCLCO
|d UMC
|d OCLCO
|d VT2
|d SFB
|d WaSeSS
|
| 042 |
|
|
|a nsdp
|a pcc
|
| 050 |
1 |
4 |
|a TH7201
|b .H93
|
| 082 |
0 |
0 |
|a 697
|2 20
|
| 222 |
|
0 |
|a HVAC & R research
|b (Online)
|
| 245 |
0 |
0 |
|a HVAC & R research
|h [electronic resource].
|
| 246 |
1 |
|
|a HVAC&R research
|
| 246 |
1 |
|
|a HVAC and R research
|
| 246 |
1 |
|
|a Heating, ventilating, air-conditioning, and refrigerating research
|
| 246 |
1 |
|
|i Title from title screen:
|a HVAC & R research journal
|
| 260 |
|
|
|a Atlanta, GA :
|b ASHRAE,
|c 1995-[2014]
|
| 310 |
|
|
|a Eight issues a year,
|b 2013-2014
|
| 321 |
|
|
|a Quarterly,
|b 1995-2006
|
| 321 |
|
|
|a Six issues a year,
|b 2007-2012
|
| 362 |
1 |
|
|a Began with: Vol. 1, no. 1 (January 1995); ceased with: Volume 20, number 8 (November 2014).
|
| 506 |
|
|
|a License restrictions may limit access.
|
| 525 |
|
|
|a Some issues have supplements.
|
| 588 |
|
|
|a Description base on: Vol. 1, no. 1 (January 1995); title from PDF caption (publisher's website, viewed May 29, 2007).
|
| 588 |
|
|
|a Latest issue consulted: Volume 20, number 8 (November 2014) ( Taylor & Francis Online, viewed October 10, 2015).
|
| 650 |
|
0 |
|a Heating
|v Periodicals.
|
| 650 |
|
0 |
|a Ventilation
|v Periodicals.
|
| 650 |
|
0 |
|a Air conditioning
|v Periodicals.
|
| 650 |
|
0 |
|a Refrigeration and refrigerating machinery
|v Periodicals.
|
| 650 |
|
7 |
|a Air conditioning.
|2 fast
|0 (OCoLC)fst00802264
|
| 650 |
|
7 |
|a Heating.
|2 fast
|0 (OCoLC)fst00954023
|
| 650 |
|
7 |
|a Refrigeration and refrigerating machinery.
|2 fast
|0 (OCoLC)fst01092714
|
| 650 |
|
7 |
|a Ventilation.
|2 fast
|0 (OCoLC)fst01165252
|
| 653 |
|
|
|a Applied sciences
|
| 655 |
|
0 |
|a Electronic journals.
|
| 710 |
2 |
|
|a American Society of Heating, Refrigerating and Air-Conditioning Engineers.
|
| 776 |
0 |
8 |
|i Print version:
|t HVAC & R research
|x 1078-9669
|w (DLC) 95648353
|w (OCoLC)31224830
|
| 785 |
0 |
0 |
|t Science and technology for the built environment
|x 2374-474X
|w (DLC) 2014202706
|w (OCoLC)888446603
|
| 856 |
4 |
0 |
|z Full text available from Research Library: 04/01/1998 to 11/30/2010
|u https://search.proquest.com/publication/32491
|